Špecifiká politického systému Spojeného kráľovstva Veľkej Británie a Severného Írska bakalárska práca

Guardado en:
Detalles Bibliográficos
Autor principal: Hrašková, Martina
Autor Corporativo: Fakulta medzinárodných vzťahov EU. Katedra medzinárodných politických vzťahov
Otros Autores: Futó, Gilbert
Formato: Libro
Lenguaje:eslovaco
Publicado: Bratislava 2020
Etiquetas: Agregar Etiqueta
Sin Etiquetas, Sea el primero en etiquetar este registro!

MARC

LEADER 00000nbm a2200000 4500
001 0265751
005 20200910083635.0
041 0 |a slo 
044 |a SK 
245 1 0 |a Špecifiká politického systému Spojeného kráľovstva Veľkej Británie a Severného Írska  |b bakalárska práca  |c Martina Hrašková ; školiteľ: Gilbert Futó 
264 1 |a Bratislava  |c 2020 
300 |a 34 s. 
100 1 |a Hrašková, Martina 
700 1 |a Futó, Gilbert 
710 2 |a Fakulta medzinárodných vzťahov EU. Katedra medzinárodných politických vzťahov